Statistics for Famous people from Germany

Click here to take the quiz!

General Stats

  • This quiz has been taken 552 times
  • The average score is 15 of 33

Answer Stats

HintAnswer% Correct
E=mc2Albert Einstein
98%
reformed christianityMartin Luther
93%
build the first real carCarl Benz
82%
became famous because of her diaryAnne Frank
79%
Fairy TalesJacob Grimm
78%
Wilhelm Grimm
78%
Karl Marx
75%
invented the letter press / typographyJohannes Gutenberg
69%
Steffi Graf
67%
discovered x-rayWilhelm Conrad Röntgen
65%
Benedikt XVI
62%
Levi Strauss
54%
the 10th remained unfinishedLudwig van Beethoven
52%
Alois Alzheimer
51%
PhilosopherFriedrich Nietzsche
49%
Claudia Schiffer
40%
invented a different kind of engineRudolf Diesel
38%
Gottlieb Daimler
35%
Dirk Nowitzki
34%
Karl Lagerfeld
33%
Richard Wagner
33%
Marlene Dietrich
31%
Werner Heisenberg
31%
Friedrich Engels
28%
Nicolaus August Otto
27%
Albrecht Dürer
24%
Peter Paul Rubens
19%
described the heliocentric world view of the solar systemNikolaus Kopernikus
18%
Konrad Zuse
17%
one of the founders of modern bacteriology and microbiologyRobert Koch
16%
Melitta Bentz
14%
Wolfgang Petersen
12%
Heinrich Heine
10%

Score Distribution

Percentile by Number Answered

Percent of People with Each Score

Your Score History

You have not taken this quiz